| 000 | 01021nasaa22002531i 4500 | ||
|---|---|---|---|
| 003 | EG-GICUS | ||
| 005 | 20260623150741.0 | ||
| 008 | 260623c20249999ua uu p 0 0ara d | ||
| 040 |
_aEG-GICUS _bara _cEG-GICUS _erda |
||
| 041 | _aara | ||
| 043 | _af-ua--- | ||
| 049 | _aإهداء | ||
| 092 | 0 | 4 |
_2303.38 _aS585 _b21 |
| 099 | _a303.38 S585 | ||
| 245 |
_aسلسلة استطلاعات الرأي العام / _cالمركز القومي لدراسات الشرق الاوسط. |
||
| 264 | 1 |
_aالقاهرة : _bالمركز القومي لدراسات الشرق الاوسط، _c2024- |
|
| 300 |
_aمجلد : _bايضاحيات؛ _c27سم. |
||
| 362 | 0 | _aالعدد.1 (ديسمبر 2024)- | |
| 541 |
_aإهداء _bالقاهرة _cالمركز القومي لدراسات الشرق الاوسط. |
||
| 650 | 7 |
_aالرأى العام _vدوريات _zمصر _2qramk |
|
| 710 | 2 | _aمركز القومي لدراسات الشرق الاوسط (مصر،القاهرة) | |
| 905 |
_aAbeer _eAbeer |
||
| 942 |
_n0 _cCR |
||
| 999 |
_c180605 _d180605 |
||